The Vulgarity of Democracy

Bibliographic Details
Main Author: Andrade, X.
Format: eBook
Language:English
Published: Bogot:̀ Universidad de Los Andes (Colombia), 2019
Subjects:
Online Access:Acceso restringido

MARC

LEADER 00000nam a22000007a 4500
005 20200722001233.0
007 cr|||| ||||
008 200722s2019 co |||||s|||| 00||0 eng d
020 |a 78-958-774-894-9 
035 |a 31860 
040 |a vLex 
090 |c 10678  |d 10678 
100 1 |a Andrade, X. 
245 1 3 |a The Vulgarity of Democracy  |h [Recurso electrn̤ico] /  |c X. Andrade 
256 |a Servicio en ln̕ea 
260 |a Bogot:̀  |b Universidad de Los Andes (Colombia),  |c 2019 
300 |a 1 recurso electrn̤ico 
506 1 |a Disponible solo en los productos indicados  |d vLex Global  |d vLex Global (Academic Edition, excluding Law Schools)  |d vLex Global (U.S. Academic Edition, Law Schools)  |d vLex Global (U.S. Academic Edition, excluding Law Schools)  |d vLex Global (Academic Edition, Law Schools) 
650 0 4 |a Derecho Constitucional  |z Colombia 
740 0 |a vLex Libros (Servicio en ln̕ea) 
856 4 0 |u http://vlex.com/source/vulgarity-democracy-31860  |z Acceso restringido 
942 |c BOOK 
999 0 |a Constitutional right